Normal view
MARC view
Entry Topical Term
001 - CONTROL NUMBER
- control field: 66301
003 - CONTROL NUMBER IDENTIFIER
- control field: OSt
005 - DATE AND TIME OF LATEST TRANSACTION
- control field: 20161105171829.0
008 - FIXED-LENGTH DATA ELEMENTS
- fixed length control field: 161105|| aca||aabn | a|a d
040 ## - CATALOGING SOURCE
- Original cataloging agency: OSt
- Transcribing agency: OSt
150 ## - HEADING--TOPICAL TERM
- Topical term or geographic name entry element: बैंक
670 ## - SOURCE DATA FOUND
- Source citation: Work cat.: (OSt): कुन्दन के. 66187, बैंक पी.ओ एम टी प्रिवियस पेपर, 2015









